[Event "IIFL Wealth 4th Mumbai GM"]
[Site "Mumbai"]
[Date "2019.01.03"]
[Round "5"]
[White "Raghunandan, Kaumandur Srihari"]
[Black "Konguvel, Ponnuswamy"]
[Result "1-0"]
[WhiteElo "2378"]
[BlackElo "2282"]
[Annotator "NA"]
[PlyCount "87"]
[EventDate "2018.12.30"]
[EventType "swiss"]
[EventCountry "IND"]
[SourceTitle "playchess.com"]
[Source "ChessBase"]
[SourceQuality "1"]
[TimeControl "40/5400+30:1800+30"]

1. Nf3 {[%emt 0:00:00]} g6 {[%emt 0:00:47]} 2. e4 {[%emt 0:00:00]} c5 {[%emt 0:00:33]} 3. c3 {[%emt 0:00:08]} d5 {[%emt 0:00:42]} 4. e5 {[%emt 0:00:08]} Nc6 {[%emt 0:01:45]} 5. d4 {[%emt 0:00:08]} Bg4 {[%emt 0:00:31]} 6. Bb5 {[%emt 0:00:08]} Qb6 {[%emt 0:02:24]} 7. Bxc6+ {[%emt 0:00:10]} Qxc6 {[%emt 0:11:13]} 8. O-O {[%emt 0:00:08]} e6 {[%emt 0:01:40]} 9. dxc5 {[%emt 0:10:17]} Bxc5 {[%emt 0:01:03]} 10. Nbd2 {[%emt 0:04:49]} Ne7 {[%emt 0:04:52]} 11. h3 {[%emt 0:00:17]} Bxf3 {[%emt 0:09:04]} 12. Nxf3 {[%emt 0:05:52]} Nf5 {[%emt 0:00:27]} 13. g4 {[%emt 0:12:53]} Ne7 {[%emt 0:20:26]} 14. Bh6 {[%emt 0:07:43]} Qc7 {[%emt 0:02:21]} 15. b4 {[%emt 0:18:43]} Bb6 {[%emt 0:00:13]} 16. a4 {[%emt 0:00:29]} Qc4 {[%emt 0:05:38]} 17. a5 {[%emt 0:02:57]} Bc7 {[%emt 0:00:35]} 18. Qd4 {[%emt 0:06:02]} Qxd4 {[%emt 0:16:31]} 19. cxd4 {[%emt 0:00:12]} Nc6 {[%emt 0:01:06]} 20. Rfc1 {[%emt 0:13:22]} Kd7 {[%emt 0:03:18]} 21. b5 {[%emt 0:01:52]} Nxa5 {[%emt 0:00:02]} 22. Rxc7+ {[%emt 0:00:07]} Kxc7 {[%emt 0:00:03]} 23. Rxa5 {[%emt 0:00:08]} Kb6 {[%emt 0:00:02]} 24. Ra1 {[%emt 0:00:30]} Rhc8 {[%emt 0:01:29]} 25. Rb1 {[%emt 0:03:55]} Rc3 {[%emt 0:02:27]} 26. Be3 {[%emt 0:02:18]} Rac8 {[%emt 0:05:24]} 27. Ng5 {[%emt 0:00:42]} R8c7 {[%emt 0:00:08]} 28. Nxh7 {[%emt 0:00:27]} Ra3 {[%emt 0:00:03]} 29. Nf6 {[%emt 0:00:41]} Rcc3 {[%emt 0:02:42]} 30. h4 {[%emt 0:02:26]} Rab3 {[%emt 0:03:40]} 31. Rxb3 {[%emt 0:00:20]} Rxb3 {[%emt 0:00:02]} 32. h5 {[%emt 0:00:16]} gxh5 {[%emt 0:00:02]} 33. gxh5 {[%emt 0:00:07]} Rc3 {[%emt 0:00:05]} 34. h6 {[%emt 0:01:05]} Rc8 {[%emt 0:00:05]} 35. h7 {[%emt 0:00:43]} Rh8 {[%emt 0:00:01]} 36. Bh6 {[%emt 0:00:19]} Kxb5 {[%emt 0:00:12]} 37. Bg7 {[%emt 0:00:06]} Rxh7 {[%emt 0:00:25]} 38. Nxh7 {[%emt 0:00:06]} a5 {[%emt 0:00:02]} 39. Ng5 {[%emt 0:01:10]} Ka4 {[%emt 0:04:39]} 40. Nxf7 {[%emt 0:00:00]} b5 {[%emt 0:00:00]} 41. Nd8 {[%emt 0:01:43]} b4 {[%emt 0:04:49]} 42. Nxe6 {[%emt 0:00:12]} Kb5 {[%emt 0:00:52]} 43. Nc5 {[%emt 0:00:27]} a4 {[%emt 0:00:07]} 44. e6 1-0

[Event "IIFL Wealth 4th Mumbai GM"]
[Site "Mumbai"]
[Date "2019.01.03"]
[Round "5"]
[White "Rathnakaran, K.."]
[Black "Movsziszian, Karen"]
[Result "1-0"]
[WhiteElo "2366"]
[BlackElo "2505"]
[Annotator "ChessBase"]
[PlyCount "75"]
[EventDate "2018.12.30"]
[EventType "swiss"]
[EventCountry "IND"]
[SourceTitle "playchess.com"]
[Source "ChessBase"]
[SourceQuality "1"]
[TimeControl "40/5400+30:1800+30"]

1. e4 {[%emt 0:00:00]} d6 {[%emt 0:00:00]} 2. d4 {[%emt 0:00:00]} Nf6 {[%emt 0:00:00]} 3. Nc3 {[%emt 0:00:00]} g6 {[%emt 0:00:00]} 4. Nf3 {[%emt 0:00:06]} Bg7 {[%emt 0:00:14]} 5. Be3 {[%emt 0:00:09]} O-O {[%emt 0:00:53]} 6. Qd2 {[%emt 0:00:05]} a6 {[%emt 0:00:24]} 7. Bh6 {[%emt 0:00:13]} b5 {[%emt 0:00:13]} 8. Bd3 {[%emt 0:00:08]} Nc6 {[%emt 0:00:24]} 9. h4 {[%emt 0:00:20]} e5 {[%emt 0:01:19]} 10. d5 {[%emt 0:01:31]} Ne7 {[%emt 0:00:30]} 11. h5 {[%emt 0:01:53]} Nxh5 {[%emt 0:04:43]} 12. O-O-O {[%emt 0:00:17]} f6 {[%emt 0:08:04]} 13. Rh4 {[%emt 0:03:04]} Rf7 {[%emt 0:01:36]} 14. Rdh1 {[%emt 0:07:42]} Bxh6 {[%emt 0:20:18]} 15. Qxh6 {[%emt 0:00:07]} Qf8 {[%emt 0:02:28]} 16. Qd2 {[%emt 0:04:30]} Nf4 {[%emt 0:02:23]} 17. Bf1 {[%emt 0:03:03]} g5 {[%emt 0:00:29]} 18. R4h2 {[%emt 0:01:34]} Bd7 {[%emt 0:02:58]} 19. Nd1 {[%emt 0:02:37]} c6 {[%emt 0:04:09]} 20. g3 {[%emt 0:07:51]} Nfg6 {[%emt 0:02:12]} 21. Ne3 {[%emt 0:00:15]} cxd5 {[%emt 0:04:35]} 22. exd5 {[%emt 0:05:11]} g4 {[%emt 0:03:48]} 23. Ne1 {[%emt 0:00:07]} e4 {[%emt 0:01:19]} 24. Qb4 {[%emt 0:01:34]} f5 {[%emt 0:02:50]} 25. Qxd6 {[%emt 0:00:12]} Qc8 {[%emt 0:00:21]} 26. c3 {[%emt 0:07:08]} a5 {[%emt 0:00:21]} 27. a4 {[%emt 0:00:07]} b4 {[%emt 0:03:06]} 28. Nc4 {[%emt 0:02:36]} bxc3 {[%emt 0:00:06]} 29. b3 {[%emt 0:00:33]} Qb7 {[%emt 0:02:17]} 30. Nc2 {[%emt 0:05:45]} Nxd5 {[%emt 0:09:17]} 31. Rxh7 {[%emt 0:08:16]} Ra6 {[%emt 0:04:41]} 32. Nxa5 {[%emt 0:18:45]} Qxb3 {[%emt 0:00:06]} 33. Rh8+ {[%emt 0:00:34]} Nxh8 {[%emt 0:00:22]} 34. Rxh8+ {[%emt 0:00:05]} Kxh8 {[%emt 0:00:44]} 35. Qe5+ {[%emt 0:00:07]} Nf6 {[%emt 0:00:31]} 36. Nxb3 {[%emt 0:00:08]} Rxa4 {[%emt 0:00:36]} 37. Nc5 {[%emt 0:00:41]} Ra5 {[%emt 0:01:37]} 38. Bc4 {[%emt 0:01:06]} 1-0

[Event "IIFL Wealth 4th Mumbai GM"]
[Site "Mumbai"]
[Date "2019.01.03"]
[Round "5"]
[White "Kulkarni, Vikramaditya"]
[Black "Safranska, Anda"]
[Result "1-0"]
[WhiteElo "2345"]
[BlackElo "2189"]
[Annotator "NA"]
[PlyCount "57"]
[EventDate "2018.12.30"]
[EventType "swiss"]
[EventCountry "IND"]
[SourceTitle "playchess.com"]
[Source "ChessBase"]
[SourceQuality "1"]
[TimeControl "40/5400+30:1800+30"]

1. e4 {[%emt 0:00:00]} c6 {[%emt 0:00:00]} 2. d4 {[%emt 0:00:00]} d5 {[%emt 0:00:02]} 3. Nd2 {[%emt 0:00:00]} dxe4 {[%emt 0:00:07]} 4. Nxe4 {[%emt 0:00:00]} Bf5 {[%emt 0:00:09]} 5. Ng3 {[%emt 0:00:00]} Bg6 {[%emt 0:00:06]} 6. h4 {[%emt 0:00:00]} h6 {[%emt 0:00:04]} 7. Nf3 {[%emt 0:00:03]} Nd7 {[%emt 0:00:04]} 8. h5 {[%emt 0:00:05]} Bh7 {[%emt 0:00:05]} 9. Bd3 {[%emt 0:00:08]} Bxd3 {[%emt 0:00:05]} 10. Qxd3 {[%emt 0:00:06]} e6 {[%emt 0:00:06]} 11. Bd2 {[%emt 0:01:46]} Ngf6 {[%emt 0:01:02]} 12. Ne4 {[%emt 0:00:15]} Be7 {[%emt 0:01:22]} 13. O-O-O {[%emt 0:00:51]} O-O {[%emt 0:01:23]} 14. Nxf6+ {[%emt 0:00:08]} Nxf6 {[%emt 0:00:30]} 15. Rdg1 {[%emt 0:05:14]} Ng4 {[%emt 0:03:09]} 16. Qe2 {[%emt 0:01:09]} Qb6 {[%emt 0:08:57]} 17. Ne5 {[%emt 0:01:30]} Nxe5 {[%emt 0:04:04]} 18. dxe5 {[%emt 0:01:08]} Bc5 {[%emt 0:00:19]} 19. g4 {[%emt 0:02:18]} f6 {[%emt 0:03:37]} 20. exf6 {[%emt 0:11:45]} Rxf6 {[%emt 0:03:07]} 21. g5 {[%emt 0:01:51]} hxg5 {[%emt 0:00:22]} 22. Bxg5 {[%emt 0:00:10]} Rxf2 {[%emt 0:00:33]} 23. Qxe6+ {[%emt 0:00:05]} Kf8 {[%emt 0:01:35]} 24. h6 {[%emt 0:00:21]} Bd4 {[%emt 0:02:02]} 25. hxg7+ {[%emt 0:01:08]} Bxg7 {[%emt 0:00:38]} 26. Be7+ {[%emt 0:00:06]} Ke8 {[%emt 0:00:42]} 27. Rh8+ {[%emt 0:00:07]} Bf8 {[%emt 0:00:33]} 28. Bxf8+ {[%emt 0:00:07]} Kd8 {[%emt 0:00:11]} 29. Bd6+ {[%emt 0:00:04]} 1-0

[Event "IIFL Wealth 4th Mumbai GM"]
[Site "Mumbai"]
[Date "2019.01.03"]
[Round "5"]
[White "Tran, Minh Thang"]
[Black "Stupak, Kirill"]
[Result "1-0"]
[WhiteElo "2342"]
[BlackElo "2557"]
[Annotator "ChessBase"]
[PlyCount "77"]
[EventDate "2018.12.30"]
[EventType "swiss"]
[EventCountry "IND"]
[SourceTitle "playchess.com"]
[Source "ChessBase"]
[SourceQuality "1"]
[TimeControl "40/5400+30:1800+30"]

1. Nf3 {[%emt 0:00:00]} d5 {[%emt 0:00:00]} 2. e3 {[%emt 0:00:00]} Nf6 {[%emt 0:00:45]} 3. c4 {[%emt 0:00:05]} g6 {[%emt 0:00:18]} 4. b3 {[%emt 0:03:04]} Bg7 {[%emt 0:00:06]} 5. Bb2 {[%emt 0:00:07]} c5 {[%emt 0:00:59]} 6. cxd5 {[%emt 0:00:46]} Qxd5 {[%emt 0:00:04]} 7. Nc3 {[%emt 0:00:18]} Qf5 {[%emt 0:01:19]} 8. d4 {[%emt 0:00:21]} O-O {[%emt 0:01:14]} 9. Bd3 {[%emt 0:00:59]} Qh5 {[%emt 0:00:25]} 10. Ne4 {[%emt 0:08:15]} Nxe4 {[%emt 0:10:35]} 11. Bxe4 {[%emt 0:00:44]} Nc6 {[%emt 0:26:06]} 12. O-O {[%emt 0:04:04]} cxd4 {[%emt 0:11:07]} 13. Nxd4 {[%emt 0:09:31]} Qh4 {[%emt 0:00:45]} 14. Bxc6 {[%emt 0:01:52]} bxc6 {[%emt 0:00:03]} 15. Nf3 {[%emt 0:01:48]} Qh6 {[%emt 0:01:45]} 16. Bxg7 {[%emt 0:01:48]} Qxg7 {[%emt 0:00:01]} 17. Rc1 {[%emt 0:00:30]} Ba6 {[%emt 0:01:16]} 18. Re1 {[%emt 0:00:13]} Rfd8 {[%emt 0:00:23]} 19. Qc2 {[%emt 0:00:15]} Rd6 {[%emt 0:00:58]} 20. Qc5 {[%emt 0:00:59]} Bb7 {[%emt 0:04:36]} 21. h3 {[%emt 0:09:35]} Qf8 {[%emt 0:00:34]} 22. Red1 {[%emt 0:02:52]} Qd8 {[%emt 0:01:35]} 23. Rd4 {[%emt 0:00:21]} a5 {[%emt 0:02:19]} 24. Rcd1 {[%emt 0:03:01]} Rd5 {[%emt 0:00:39]} 25. e4 {[%emt 0:00:18]} Rxc5 {[%emt 0:06:28]} 26. Rxd8+ {[%emt 0:00:33]} Rxd8 {[%emt 0:00:02]} 27. Rxd8+ {[%emt 0:00:16]} Kg7 {[%emt 0:00:01]} 28. Rd7 {[%emt 0:00:14]} Bc8 {[%emt 0:00:17]} 29. Rxe7 {[%emt 0:00:14]} a4 {[%emt 0:00:03]} 30. Rc7 {[%emt 0:03:59]} axb3 {[%emt 0:01:07]} 31. axb3 {[%emt 0:00:19]} Ba6 {[%emt 0:00:10]} 32. Nd4 {[%emt 0:00:15]} Re5 {[%emt 0:01:36]} 33. f3 {[%emt 0:01:04]} c5 {[%emt 0:00:04]} 34. Nc6 {[%emt 0:01:29]} Re8 {[%emt 0:00:14]} 35. Na5 {[%emt 0:00:18]} Re5 {[%emt 0:00:13]} 36. Kf2 {[%emt 0:00:57]} Kg8 {[%emt 0:00:36]} 37. Nc4 {[%emt 0:01:56]} Bxc4 {[%emt 0:00:23]} 38. bxc4 {[%emt 0:00:13]} f5 {[%emt 0:00:01]} 39. Ke3 {[%emt 0:00:17]} 1-0

[Event "IIFL Wealth 4th Mumbai GM"]
[Site "Mumbai"]
[Date "2019.01.03"]
[Round "5"]
[White "Ritviz, Parab"]
[Black "Das, Sayantan"]
[Result "1-0"]
[WhiteElo "2338"]
[BlackElo "2453"]
[Annotator "TA"]
[PlyCount "105"]
[EventDate "2018.12.30"]
[EventType "swiss"]
[EventCountry "IND"]
[SourceTitle "playchess.com"]
[Source "ChessBase"]
[SourceQuality "1"]

{[%evp 17,105,-29,-29,-36,-38,-53,-53,-55,-58,-47,-37,-67,-4,-14,-16,-17,-12,-17,44,0,0,0,0,0,0,0,0,0,0,0,0,0,30,26,23,17,82,89,184,186,133,185,276,272,251,246,483,409,702,693,691,683,679,652,343,327,912,826,6191,6111,6099,5812,5197,4133,1442,29969,29971,29965,29968,29975,29975,29975,29976,29977,29977,29978,29977,29977,29981,29982,29982,29983,29983,29984,29984,29985,29985,29985,29986,458]} 1. e4 c5 2. Nc3 d6 3. f4 Nc6 4. Nf3 g6 5. Bb5 Bd7 6. O-O Bg7 7. Bxc6 Bxc6 8. d3 Qd7 {B23: Closed Sicilian: Lines without g3} 9. Qe1 Nh6 {LiveBook: 3 Games} 10. h3 f5 {Black is slightly better.} 11. Be3 $146 ({Predecessor:} 11. e5 Bxf3 12. Rxf3 dxe5 13. fxe5 e6 14. Bxh6 Bxh6 15. Qh4 Bg7 16. Re1 {0-1 (53) Rains,E (2017)-Smirnov,A (2519) Auckland 2017}) 11... O-O 12. Rd1 b5 {[%cal Bb7b5,Bb5b4][%mdl 32]} 13. e5 b4 14. Ne2 Qe6 ({Better is} 14... Qb7 $15) 15. b3 Nf7 {[%cal Bh6f7,Bf7d6,Bd6e4,Be4c3][%mdl 32]} 16. d4 Rfd8 17. Qf2 h6 ({Black should play} 17... a5 $11) 18. exd6 Nxd6 {Hoping for ...Ne4.} 19. dxc5 {Strongly threatening Ned4.} Ne4 20. Rxd8+ $1 Rxd8 21. Qe1 Nc3 22. Nxc3 Bxc3 23. Bd2 Qxe1 24. Bxe1 Bd4+ 25. Nxd4 Rxd4 $11 {[%mdl 4096] Endgame KRB-KRB} 26. c3 Rd1 (26... bxc3 $11 27. Bxc3 Rd3) 27. cxb4 $16 Bb5 {[#]} (27... a6 $16 {was worth a try.}) 28. a4 $1 $18 {[%cal Ra4b5]} Bxf1 (28... Bd3 $18) 29. Kxf1 {KR-KB} Rc1 (29... Kf7 $142) 30. Ke2 Kf7 {[#]} 31. Bd2 $1 {[%cal Rd2c1]} Rg1 $2 (31... Rb1) 32. b5 Rxg2+ (32... Ke6 $142 33. Kf2 Rb1) 33. Kd3 Ke6 34. b6 axb6 35. cxb6 {And now b7 would win.} Kd7 36. a5 {[%cal Ba4a5,Ba5a6][%mdl 32] a6 is the strong threat.} Rg1 $2 (36... Kc6) 37. b4 {[%cal Bb3b4,Bb4b5][%mdl 32]} Kc6 {[#]} 38. b5+ $1 {[%mdl 512]} Kb7 (38... Kxb5 39. b7) 39. Be3 Rg3 40. a6+ Kb8 41. Kd2 (41. Kd4 $18 Rxh3 42. Bd2) 41... Rg2+ {White mates.} 42. Kc1 Re2 43. Bd4 g5 44. Kd1 Re4 45. Be5+ Rxe5 46. fxe5 {[%cal Bf4e5,Be5e6][%mdl 32] KP-KP} h5 47. Ke2 g4 48. h4 f4 49. e6 Ka8 50. b7+ Ka7 {[#]} 51. b6+ $1 {[%mdl 512]} Kb8 (51... Kxb6 52. b8=Q+) 52. Kf2 g3+ 53. Kg2 {Accuracy: White = 70%, Black = 43%.} 1-0

[Event "IIFL Wealth 4th Mumbai GM"]
[Site "Mumbai"]
[Date "2019.01.03"]
[Round "5"]
[White "Ameir, Moheb"]
[Black "Divya Deshmukh"]
[Result "1/2-1/2"]
[WhiteElo "2327"]
[BlackElo "2190"]
[Annotator "NA"]
[PlyCount "90"]
[EventDate "2018.12.30"]
[EventType "swiss"]
[EventCountry "IND"]
[SourceTitle "playchess.com"]
[Source "ChessBase"]
[SourceQuality "1"]
[TimeControl "40/5400+30:1800+30"]

1. e4 {[%emt 0:00:00]} c5 {[%emt 0:00:00]} 2. Nf3 {[%emt 0:00:00]} d6 {[%emt 0:00:00]} 3. Bb5+ {[%emt 0:02:03]} Bd7 {[%emt 0:00:00]} 4. Bxd7+ {[%emt 0:00:08]} Qxd7 {[%emt 0:00:00]} 5. O-O {[%emt 0:00:41]} Nc6 {[%emt 0:00:08]} 6. c3 {[%emt 0:00:28]} Nf6 {[%emt 0:02:04]} 7. d4 {[%emt 0:00:17]} g6 {[%emt 0:01:54]} 8. Qe2 {[%emt 0:06:25]} Bg7 {[%emt 0:05:06]} 9. Rd1 {[%emt 0:00:31]} cxd4 {[%emt 0:04:58]} 10. cxd4 {[%emt 0:00:31]} O-O {[%emt 0:00:15]} 11. d5 {[%emt 0:00:08]} Nb4 {[%emt 0:04:45]} 12. Nc3 Rfc8 {[%emt 0:03:50]} 13. h3 {[%emt 0:26:57]} a5 {[%emt 0:01:43]} 14. Be3 {[%emt 0:07:01]} a4 {[%emt 0:07:32]} 15. a3 {[%emt 0:04:31]} Na6 {[%emt 0:04:55]} 16. e5 {[%emt 0:01:31]} dxe5 {[%emt 0:00:33]} 17. Nxe5 {[%emt 0:00:27]} Qe8 {[%emt 0:00:05]} 18. Rac1 {[%emt 0:14:20]} Nd7 {[%emt 0:04:18]} 19. Nxd7 {[%emt 0:03:23]} Qxd7 {[%emt 0:01:30]} 20. Bd4 {[%emt 0:00:38]} Bxd4 {[%emt 0:04:48]} 21. Rxd4 {[%emt 0:01:39]} Nc5 {[%emt 0:00:04]} 22. Re1 {[%emt 0:02:40]} e5 {[%emt 0:01:52]} 23. Ne4 {[%emt 0:15:00]} Nxe4 {[%emt 0:01:01]} 24. Rxe4 {[%emt 0:00:02]} f6 {[%emt 0:03:19]} 25. f4 {[%emt 0:01:19]} Qxd5 {[%emt 0:02:18]} 26. fxe5 {[%emt 0:00:09]} f5 {[%emt 0:00:19]} 27. Rb4 {[%emt 0:00:38]} Re8 {[%emt 0:01:46]} 28. Rb5 {[%emt 0:06:16]} Qc6 {[%emt 0:03:54]} 29. e6 {[%emt 0:00:11]} Re7 {[%emt 0:00:17]} 30. Re5 {[%emt 0:00:46]} Rae8 {[%emt 0:00:38]} 31. Kh1 {[%emt 0:00:19]} Kg7 {[%emt 0:03:37]} 32. Qe3 {[%emt 0:00:16]} Kg8 {[%emt 0:00:03]} 33. Qe2 {[%emt 0:01:32]} Kg7 {[%emt 0:00:04]} 34. Qe3 {[%emt 0:00:39]} Kg8 {[%emt 0:00:07]} 35. Re2 {[%emt 0:00:11]} Kg7 {[%emt 0:04:39]} 36. Qd4 {[%emt 0:01:09]} Kg8 {[%emt 0:01:14]} 37. Qe3 {[%emt 0:00:35]} Kg7 {[%emt 0:00:05]} 38. Kg1 {[%emt 0:01:07]} Kg8 {[%emt 0:00:34]} 39. Re1 {[%emt 0:00:54]} Kg7 {[%emt 0:01:08]} 40. h4 {[%emt 0:00:00]} h5 {[%emt 0:00:00]} 41. b3 {[%emt 0:12:04]} axb3 {[%emt 0:18:20]} 42. Qxb3 {[%emt 0:00:18]} Kh7 {[%emt 0:00:12]} 43. Kh1 {[%emt 0:03:29]} Qd6 {[%emt 0:02:16]} 44. Qe3 {[%emt 0:00:56]} Kg7 {[%emt 0:03:57]} 45. Qc3 {[%emt 0:00:46]} Kh7 {[%emt 0:01:07]} 1/2-1/2

[Event "IIFL Wealth 4th Mumbai GM"]
[Site "Mumbai"]
[Date "2019.01.03"]
[Round "5"]
[White "Elgabry, Mohsen"]
[Black "Subhayan Kundu"]
[Result "0-1"]
[WhiteElo "2305"]
[BlackElo "2185"]
[Annotator "NA"]
[PlyCount "141"]
[EventDate "2018.12.30"]
[EventType "swiss"]
[EventCountry "IND"]
[SourceTitle "playchess.com"]
[Source "ChessBase"]
[SourceQuality "1"]
[TimeControl "40/5400+30:1800+30"]

1. c4 {[%emt 0:00:00]} f5 {[%emt 0:00:00]} 2. Nc3 {[%emt 0:00:21]} Nf6 {[%emt 0:00:00]} 3. Nf3 {[%emt 0:00:21]} g6 {[%emt 0:00:00]} 4. g3 {[%emt 0:00:25]} Bg7 {[%emt 0:00:00]} 5. Bg2 {[%emt 0:00:01]} O-O {[%emt 0:00:15]} 6. O-O {[%emt 0:00:14]} d6 {[%emt 0:00:03]} 7. d4 {[%emt 0:00:15]} Qe8 {[%emt 0:00:06]} 8. Nd5 {[%emt 0:01:34]} Nxd5 {[%emt 0:08:01] A87: Dutch Defence: Leningrad System: 5 Nf3} 9. cxd5 {[%emt 0:00:01]} h6 {[%emt 0:00:10]} (9... Nd7 10. Ng5 Nf6 11. Qb3 h6 12. Ne6 Bxe6 13. dxe6 Rb8 14. Bd2 c6 15. Rac1 g5 16. e3 {1-0 (38) Burg,T (2517)-Pruijssers,R (2506) Netherlands 2018}) 10. Qc2 {[%emt 0:00:37]} Na6 {[%emt 0:00:32]} 11. a3 $146 {[%emt 0:00:18]} ({Predecessor:} 11. e3 Bd7 12. Bd2 Qf7 13. Rfd1 c6 14. dxc6 Bxc6 15. Bc3 Be4 16. Qe2 {1-0 (48) Teh,E (2289)-Cleary,M Telford 2018}) 11... Qb5 {[%emt 0:13:49]} 12. Nh4 {[%emt 0:04:14]} g5 {[%emt 0:09:30]} 13. Ng6 {[%emt 0:00:31]} Rf7 {[%emt 0:00:14]} 14. h4 {[%emt 0:00:19]} Kh7 {[%emt 0:00:52]} 15. h5 {[%emt 0:13:09]} Bxd4 {[%emt 0:01:20]} 16. g4 {[%emt 0:00:18]} Nc5 {[%emt 0:04:50]} 17. b4 {[%emt 0:05:18]} Bxa1 {[%emt 0:15:05]} 18. bxc5 {[%emt 0:00:56]} Qxc5 {[%emt 0:00:53]} 19. Qb1 {[%emt 0:00:18]} Bg7 {[%emt 0:00:34]} 20. Bf3 {[%emt 0:02:12]} Kg8 {[%emt 0:09:16]} 21. Be3 {[%emt 0:00:30]} Qxa3 {[%emt 0:09:50]} 22. Qb5 {[%emt 0:02:39]} Rf8 {[%emt 0:05:52]} 23. Nxe7+ {[%emt 0:05:14]} Kh7 {[%emt 0:00:03]} 24. Ng6 {[%emt 0:00:20]} Rd8 {[%emt 0:02:59]} 25. Ne7 {[%emt 0:03:36]} Qb2 {[%emt 0:02:51]} 26. Qd3 {[%emt 0:02:20]} Qe5 {[%emt 0:00:33]} 27. Ng6 {[%emt 0:01:42]} Qc3 {[%emt 0:01:57]} 28. Qb1 {[%emt 0:00:09]} Qb2 {[%emt 0:00:44]} 29. Qd3 {[%emt 0:00:28]} Qc3 {[%emt 0:01:27]} 30. Qb1 {[%emt 0:00:02]} Qf6 {[%emt 0:01:49]} 31. Rc1 {[%emt 0:00:42]} Rd7 {[%emt 0:00:13]} 32. Rc4 {[%emt 0:04:45]} Rf7 {[%emt 0:01:12]} 33. Bd4 {[%emt 0:04:50]} Qxd4 {[%emt 0:01:37]} 34. Rxd4 {[%emt 0:00:01]} Bxd4 {[%emt 0:00:06]} 35. Qb5 {[%emt 0:01:13]} Bd7 {[%emt 0:00:17]} 36. Qxb7 {[%emt 0:00:01]} Re8 {[%emt 0:00:17]} 37. Qb1 {[%emt 0:08:11]} Kg7 {[%emt 0:01:13]} 38. Qd3 {[%emt 0:00:27]} Bf6 {[%emt 0:01:15]} 39. gxf5 {[%emt 0:00:30]} a5 {[%emt 0:00:08]} 40. e4 {[%emt 0:00:00]} a4 {[%emt 0:00:00]} 41. Bd1 {[%emt 0:03:22]} Ra8 {[%emt 0:04:15]} 42. Qc4 {[%emt 0:01:21]} a3 {[%emt 0:01:45]} 43. Bb3 {[%emt 0:00:01]} Bb2 {[%emt 0:04:32]} 44. Kg2 {[%emt 0:01:18]} Rb8 {[%emt 0:00:09]} 45. Ba2 {[%emt 0:00:37]} Bb5 {[%emt 0:02:47]} 46. Qc2 {[%emt 0:00:01]} Be8 {[%emt 0:01:57]} 47. e5 {[%emt 0:12:45]} dxe5 {[%emt 0:11:34]} 48. d6 {[%emt 0:00:42]} cxd6 {[%emt 0:00:35]} 49. f6+ {[%emt 0:09:48]} Kxf6 {[%emt 0:00:17]} 50. Nh8 {[%emt 0:06:47]} Re7 {[%emt 0:03:41]} 51. Ng6 {[%emt 0:01:20]} Rf7 {[%emt 0:02:16]} 52. Qd3 {[%emt 0:01:45]} Rb6 {[%emt 0:03:35]} 53. Qe3 {[%emt 0:04:55]} Rb8 {[%emt 0:04:25]} 54. Qd3 {[%emt 0:03:08]} Rd8 {[%emt 0:00:39]} 55. Nh8 {[%emt 0:10:17]} Re7 {[%emt 0:00:10]} 56. Ng6 {[%emt 0:00:02]} Rf7 {[%emt 0:00:43]} 57. Nh8 {[%emt 0:00:09]} Rc7 {[%emt 0:00:38]} 58. Ng6 {[%emt 0:00:33]} Bf7 {[%emt 0:00:49]} 59. Nf8 {[%emt 0:02:34]} e4 {[%emt 0:02:40]} 60. Nh7+ {[%emt 0:03:22]} Kf5 {[%emt 0:00:04]} 61. Qh3+ {[%emt 0:00:30]} g4 {[%emt 0:00:01]} 62. Qh4 {[%emt 0:00:01]} Bxa2 {[%emt 0:00:12]} 63. Qxd8 {[%emt 0:00:04]} Rxh7 {[%emt 0:00:07]} 64. Qxd6 {[%emt 0:01:43]} Be6 {[%emt 0:00:50]} 65. Qc5+ {[%emt 0:00:22]} Kf6 {[%emt 0:00:50]} 66. Qf8+ {[%emt 0:01:31]} Bf7 {[%emt 0:00:06]} 67. Qb4 $19 {[%emt 0:01:57]} Kg7 {[%emt 0:00:39]} 68. Qb7 {[%emt 0:00:48]} Bf6 {[%emt 0:00:42]} 69. Qxe4 {[%emt 0:00:10]} a2 {[%emt 0:00:17]} 70. Qxg4+ {[%emt 0:00:03]} Kh8 {[%emt 0:00:04]} 71. Qd1 0-1

[Event "IIFL Wealth 4th Mumbai GM"]
[Site "Mumbai"]
[Date "2019.01.03"]
[Round "5"]
[White "Srijit Paul"]
[Black "Ankit, R. Rajpara"]
[Result "0-1"]
[WhiteElo "2298"]
[BlackElo "2465"]
[Annotator "TA"]
[PlyCount "44"]
[EventDate "2018.12.30"]
[EventType "swiss"]
[EventCountry "IND"]
[SourceTitle "playchess.com"]
[Source "ChessBase"]
[SourceQuality "1"]

{[%evp 29,44,41,25,-79,-74,-72,-36,-135,-204,-160,-157,-157,-159,-308,-305,-476,-482]} 1. e4 e5 2. Nf3 Nc6 3. Bc4 Bc5 4. c3 Nf6 5. d3 d6 6. Bb3 a6 7. h3 h6 8. Nbd2 Ba7 9. Nf1 Ne7 10. Ng3 Ng6 11. O-O O-O 12. Re1 Re8 13. d4 b5 14. a4 Bb7 15. Bc2 Bb6 {[#] LiveBook: 16 Games. C54: Giuoco Piano: 4 c3 Nf6, main lines with 5 d4 and 5 d3} 16. Nf5 $146 (16. Bd2 $11) ({Predecessor:} 16. Bd3 d5 17. axb5 dxe4 18. Nxe4 Nxe4 19. Bxe4 Bxe4 20. Rxe4 axb5 21. Rxa8 Qxa8 22. Qe2 Qd5 23. g4 {0-1 (45) Petrosian,T (2615)-Naroditsky,D (2626) Saint Louis 2017}) 16... exd4 $17 17. N3xd4 Nxe4 {Black is better.} 18. Bxh6 ({White should play} 18. Be3 $15) 18... gxh6 19. Nxh6+ {[#]} Kg7 $1 {[%cal Rg7h6]} 20. Nhf5+ {[#]} Kf8 $1 21. Qh5 (21. Qf3 $17 {was necessary.} d5 22. axb5) 21... Qg5 $19 22. Qf3 (22. Qxg5 $142 Nxg5 23. h4) 22... Nc5 ({Weaker is} 22... Ne5 23. Qe3 $19) 0-1